<?xml version="1.0" encoding="UTF-8"?>
<record
    xmlns:xsi="http://www.w3.org/2001/XMLSchema-instance"
    xsi:schemaLocation="http://www.loc.gov/MARC21/slim http://www.loc.gov/standards/marcxml/schema/MARC21slim.xsd"
    xmlns="http://www.loc.gov/MARC21/slim">

  <leader>01961nam a2200313 i 4500</leader>
  <controlfield tag="001">000029805</controlfield>
  <controlfield tag="003">DO-SdBNP</controlfield>
  <controlfield tag="005">20241028100654.0</controlfield>
  <controlfield tag="007">ta</controlfield>
  <controlfield tag="008">110426s2010    dr a          000 0 spa d</controlfield>
  <datafield tag="020" ind1=" " ind2=" ">
    <subfield code="a">9789945074109</subfield>
  </datafield>
  <datafield tag="040" ind1=" " ind2=" ">
    <subfield code="a">DO-SdBNP</subfield>
    <subfield code="b">spa</subfield>
    <subfield code="c">BNPHU</subfield>
    <subfield code="e">rda</subfield>
  </datafield>
  <datafield tag="082" ind1=" " ind2=" ">
    <subfield code="a">972.93</subfield>
    <subfield code="b">H673</subfield>
    <subfield code="2">22</subfield>
  </datafield>
  <datafield tag="100" ind1=" " ind2=" ">
    <subfield code="a">Senci&#xF3;n Villalona, Augusto</subfield>
    <subfield code="e">autor</subfield>
    <subfield code="9">56558</subfield>
  </datafield>
  <datafield tag="245" ind1="1" ind2="0">
    <subfield code="a">Historia dominicana :</subfield>
    <subfield code="b">desde los abor&#xED;genes hasta la guerra de abril /</subfield>
    <subfield code="c">adaptaci&#xF3;n versi&#xF3;n popular Augusto Senci&#xF3;n Villalona ; cuidado de edici&#xF3;n Juana Hach&#xE9; ; ilustraci&#xF3;n Jos&#xE9; Mercader.</subfield>
  </datafield>
  <datafield tag="264" ind1=" " ind2=" ">
    <subfield code="a">Santo Domingo :</subfield>
    <subfield code="b">Archivo General de la Naci&#xF3;n,</subfield>
    <subfield code="c">2010.</subfield>
  </datafield>
  <datafield tag="300" ind1=" " ind2=" ">
    <subfield code="a">241 p&#xE1;ginas :</subfield>
    <subfield code="b">ilustraciones ;</subfield>
    <subfield code="c">28 cm.</subfield>
  </datafield>
  <datafield tag="336" ind1=" " ind2=" ">
    <subfield code="a">rdacontent</subfield>
    <subfield code="b">texto</subfield>
    <subfield code="2">txt</subfield>
  </datafield>
  <datafield tag="337" ind1=" " ind2=" ">
    <subfield code="a">rdamedia</subfield>
    <subfield code="b">sin mediaci&#xF3;n</subfield>
    <subfield code="2">n</subfield>
  </datafield>
  <datafield tag="338" ind1=" " ind2=" ">
    <subfield code="a">rdacarrier</subfield>
    <subfield code="b">volumen</subfield>
    <subfield code="2">nc</subfield>
  </datafield>
  <datafield tag="490" ind1="1" ind2=" ">
    <subfield code="a">Archivo General de la Naci&#xF3;n</subfield>
    <subfield code="v">118</subfield>
  </datafield>
  <datafield tag="505" ind1=" " ind2=" ">
    <subfield code="a">La poblaci&#xF3;n aborigen 11|Crist&#xF3;bal Col&#xF3;n y la conquista espa&#xF1;ola 19|La Encomienda y la colonizaci&#xF3;n 31|Decadencia de la encomienda y tr&#xE1;nsito a la agricultura 39|Predominio de la industria azucarera 51|La depresi&#xF3;n prolongada del siglo XVII 67|La recuperaci&#xF3;n del siglo XVIII 83|Crisis del sistema colonial 95|La Ocupaci&#xF3;n Haitiana y la Independencia Nacional 111|La econom&#xED;a a mediados del siglo XIX 125|El proceso pol&#xED;tico entre 1844 y 1861 137|La Guerra de la Restauraci&#xF3;n, 1863-1865 149|Nacionalismo, anexionismo y caudillismo 159|El desarrollo de la econom&#xED;a exportadora y de las relaciones capitalistas 167|20 a&#xF1;os de gobiernos del Partido Azul 179|Retorno al caudillismo y protectorado norteamericano 187|La ocupaci&#xF3;n militar de Estados Unidos 195|La dictadura de Trujillo 207|Proceso pol&#xED;tico entre 1961 y 1965 227</subfield>
  </datafield>
  <datafield tag="590" ind1=" " ind2=" ">
    <subfield code="a">Inventariado, 2024/DG</subfield>
  </datafield>
  <datafield tag="650" ind1=" " ind2="4">
    <subfield code="a">Rep&#xFA;blica Dominicana</subfield>
    <subfield code="x">Historia</subfield>
    <subfield code="9">416</subfield>
  </datafield>
  <datafield tag="700" ind1="1" ind2=" ">
    <subfield code="a">Hach&#xE9;, Juana,</subfield>
    <subfield code="e">edici&#xF3;n</subfield>
    <subfield code="9">56559</subfield>
  </datafield>
  <datafield tag="700" ind1="1" ind2=" ">
    <subfield code="a">Mercader, Jos&#xE9;,</subfield>
    <subfield code="e">ilustrador</subfield>
    <subfield code="9">56560</subfield>
  </datafield>
  <datafield tag="910" ind1=" " ind2=" ">
    <subfield code="a">DG</subfield>
  </datafield>
  <datafield tag="942" ind1=" " ind2=" ">
    <subfield code="2">ddc</subfield>
    <subfield code="c">LBS1</subfield>
  </datafield>
  <datafield tag="952" ind1=" " ind2=" ">
    <subfield code="0">0</subfield>
    <subfield code="1">0</subfield>
    <subfield code="2">ddc</subfield>
    <subfield code="5">6</subfield>
    <subfield code="7">0</subfield>
    <subfield code="8">DS</subfield>
    <subfield code="a">BNPHU</subfield>
    <subfield code="b">BNPHU</subfield>
    <subfield code="c">CT</subfield>
    <subfield code="d">2011-04-26</subfield>
    <subfield code="l">0</subfield>
    <subfield code="o">BNPHU DS 972.93 H673</subfield>
    <subfield code="p">29805-30</subfield>
    <subfield code="r">2020-06-25</subfield>
    <subfield code="t">e. 3</subfield>
    <subfield code="w">2020-06-25</subfield>
    <subfield code="y">LBS1</subfield>
    <subfield code="Z">Pr&#xE9;stamo en sala</subfield>
  </datafield>
  <datafield tag="952" ind1=" " ind2=" ">
    <subfield code="0">0</subfield>
    <subfield code="1">0</subfield>
    <subfield code="2">ddc</subfield>
    <subfield code="5">6</subfield>
    <subfield code="7">0</subfield>
    <subfield code="8">DS</subfield>
    <subfield code="a">BNPHU</subfield>
    <subfield code="b">BNPHU</subfield>
    <subfield code="c">CT</subfield>
    <subfield code="d">2011-10-27</subfield>
    <subfield code="l">0</subfield>
    <subfield code="o">BNPHU DS 972.93 H673</subfield>
    <subfield code="p">29805-40</subfield>
    <subfield code="r">2020-06-25</subfield>
    <subfield code="t">e. 4</subfield>
    <subfield code="w">2020-06-25</subfield>
    <subfield code="y">LBS1</subfield>
    <subfield code="Z">Pr&#xE9;stamo en sala</subfield>
  </datafield>
  <datafield tag="952" ind1=" " ind2=" ">
    <subfield code="0">0</subfield>
    <subfield code="1">0</subfield>
    <subfield code="2">ddc</subfield>
    <subfield code="5">1</subfield>
    <subfield code="7">0</subfield>
    <subfield code="8">PD</subfield>
    <subfield code="a">BNPHU</subfield>
    <subfield code="b">BNPHU</subfield>
    <subfield code="c">CT</subfield>
    <subfield code="d">2011-04-26</subfield>
    <subfield code="l">0</subfield>
    <subfield code="o">BNPHU PD 972.93 H673</subfield>
    <subfield code="p">29805-10</subfield>
    <subfield code="r">2020-06-25</subfield>
    <subfield code="w">2020-06-25</subfield>
    <subfield code="y">LBS1</subfield>
    <subfield code="Z">No se presta</subfield>
  </datafield>
  <datafield tag="952" ind1=" " ind2=" ">
    <subfield code="0">0</subfield>
    <subfield code="1">0</subfield>
    <subfield code="2">ddc</subfield>
    <subfield code="5">1</subfield>
    <subfield code="7">0</subfield>
    <subfield code="8">PD</subfield>
    <subfield code="a">BNPHU</subfield>
    <subfield code="b">BNPHU</subfield>
    <subfield code="c">CT</subfield>
    <subfield code="d">2011-04-26</subfield>
    <subfield code="l">0</subfield>
    <subfield code="o">BNPHU PD 972.93 H673</subfield>
    <subfield code="p">29805-20</subfield>
    <subfield code="r">2020-06-25</subfield>
    <subfield code="t">e. 2</subfield>
    <subfield code="w">2020-06-25</subfield>
    <subfield code="y">LBS1</subfield>
    <subfield code="Z">No se presta</subfield>
  </datafield>
  <datafield tag="952" ind1=" " ind2=" ">
    <subfield code="0">0</subfield>
    <subfield code="1">0</subfield>
    <subfield code="2">ddc</subfield>
    <subfield code="5">6</subfield>
    <subfield code="7">0</subfield>
    <subfield code="8">DS</subfield>
    <subfield code="a">BNPHU</subfield>
    <subfield code="b">BNPHU</subfield>
    <subfield code="c">CT</subfield>
    <subfield code="d">2024-10-28</subfield>
    <subfield code="e">Donado por la Presidencia de la Rep&#xFA;blica Dominicana 2023</subfield>
    <subfield code="l">0</subfield>
    <subfield code="o">BNPHU DS 972.93 H673</subfield>
    <subfield code="p">2024-6197</subfield>
    <subfield code="r">2024-10-28</subfield>
    <subfield code="t">e.5</subfield>
    <subfield code="w">2024-10-28</subfield>
    <subfield code="y">LBS1</subfield>
    <subfield code="z">Pertenecio a la biblioteca personal de Emilio Cordero Michel</subfield>
  </datafield>
  <datafield tag="999" ind1=" " ind2=" ">
    <subfield code="c">29297</subfield>
    <subfield code="d">29297</subfield>
  </datafield>
</record>
